01426nam a2200217 a 4500008004100000020001800041050001700059110006300076245010900139260004100248300001400289350000900303650003400312995014900346995014900495995014800644999001700792952013600809952013600945952012701081150825s2005 ||||||||||||||||| || u a9781844790876 aHD 30.28 Cha aThe Chartered Institute of Public Finance and Accountancy 10aStrategic business management: study guidecby the Chartered Institute of Public Finance and Accountancy aLondonbPearson Education, Incc2005 axv, 709p. a1.55 aBUSINESS MANAGEMENT--STRATEGY aMAIN LIBRARY OPEN ACCESSe745648FCBU-MAIN LIBRARY (Kitwe)jHD 30.28 ChaM2UAVAILABLEWSep 2, 2015y745648ZMain Library Open Access Collection aMAIN LIBRARY OPEN ACCESSe745647FCBU-MAIN LIBRARY (Kitwe)jHD 30.28 ChaM1UAVAILABLEWSep 2, 2015y745647ZMain Library Open Access Collection aANNEX COLLECTION (Main Library)e745649FCBU-MAIN LIBRARY (Kitwe)jHD 30.28 ChaM3UAVAILABLEWSep 2, 2015y745649ZAnnex Low-Usage Collection  c76837d76837 00102lcc4070a001b001cMain Library Open Access Collectiond2023-04-25l0oHD 30.28 Chap745648r2023-04-25t1w2023-04-25y002 00102lcc4070a001b001cMain Library Open Access Collectiond2023-04-25l0oHD 30.28 Chap745647r2023-04-25t2w2023-04-25y002 00102lcc4070a001b001cAnnex Low-Usage Collectiond2023-04-25l0oHD 30.28 Chap745649r2023-04-25t3w2023-04-25y002